JAKI KRAJ MA NA FLADZE PRZYNAJMNIEJ JEDNĄ GWIAZDĘ? - Statystyki

Ogólne statystyki
  • Ten quiz został rozwiązany 69 razy
  • Średni wynik to 3 z 5
Statystyki odpowiedzi
Odpowiedź % Poprawnych
STANY ZJEDNOCZONE | USA
77%
CHINY
59%
AUSTRALIA
54%
TURCJA
43%
IZRAEL
18%
Nie znaleziono quizów pasujących do podanych kryteriów
Rozkład punktacji
Procent ludzi z każdym wynikiem
Percentyl według liczby udzielonych odpowiedzi
Twoja historia wyników
Nie rozwiązałeś tego quizu